Human body Encyclopedia / (Record no. 79406)
[ view plain ]
| 000 -LEADER | |
|---|---|
| fixed length control field | 00606nam a22001817a 4500 |
| 020 ## - INTERNATIONAL STANDARD BOOK NUMBER | |
| International Standard Book Number | 978105358057 |
| 037 ## - SOURCE OF ACQUISITION | |
| Source of stock number/acquisition | BBB/Ven |
| 245 ## - TITLE STATEMENT | |
| Title | Human body Encyclopedia / |
| Statement of responsibility, etc | edited by Cheryl Telfer, Ben Morgan [and] Zahavit Shalev illustrated by Peter Bull |
| 260 ## - PUBLICATION, DISTRIBUTION, ETC. (IMPRINT) | |
| Place of publication, distribution, etc | London |
| Name of publisher, distributor, etc | Dorling Kindersley Publisher |
| Date of publication, distribution, etc | 2005 |
| 270 ## - ADDRESS | |
| Address | 80 Strand, |
| City | London |
| Postal code | WC2R 0RL |
| 300 ## - PHYSICAL DESCRIPTION | |
| Extent | 128p. : |
| Other physical details | col.ill. |
| Dimensions | 24cm(pbk) |
| 500 ## - GENERAL NOTE | |
| General note | Includes index |
| 700 ## - ADDED ENTRY--PERSONAL NAME | |
| Personal name | edited by Telfer, Cheryl |
| 700 ## - ADDED ENTRY--PERSONAL NAME | |
| Personal name | edited by Morgan, Ben |
| 700 ## - ADDED ENTRY--PERSONAL NAME | |
| Personal name | edited by Shalev,Zahavit |
| 700 ## - ADDED ENTRY--PERSONAL NAME | |
| Personal name | illustrated byBull, Peter |
| 942 ## - ADDED ENTRY ELEMENTS (KOHA) | |
| Source of classification or shelving scheme | Dewey Decimal Classification |
| Item type | English Books |
| Call number prefix | HUM |
No items available.
